Jujuy : música del altiplano /

El Chango Spasiuk presenta el sonido de la zona del Altiplano, de la mano de la banda de sikuris Alfarcito, de la escuela Nº 352, de Tilcara. Junto a ellos va descubriendo el porqué de ese tipo de expresión musical en ese contexto geográfico.

Guardado en:
Autor Principal: Olivera, Luciano
Autor Corporativo: Canal Encuentro.
Otros Autores: Spasiuk, Chango; Conducción.
Formato: Deslizar
Publicado: Argentina, 2009.
Series:Pequeños Universos
Materias:
Acceso en línea:https://www.educ.ar/recursos/50584/jujuy-musica-del-altiplano
Etiquetas: Agregar Etiqueta
Sin Etiquetas, Sea el primero en etiquetar este registro!
LEADER 01310ngm a22003615g 4500
001 CEM.cems024053
008 130507s2009##################0###0#####d
005 20250807201233.0
245 1 0 |a Jujuy :  |b música del altiplano /  |c Luciano Olivera. 
260 |a Argentina,  |c 2009. 
300 |a 28'. 
490 0 |a Pequeños Universos 
500 |a Consultar en ventanilla. 
538 |a Soporte: DVD - Grabación DRD 
520 |a El Chango Spasiuk presenta el sonido de la zona del Altiplano, de la mano de la banda de sikuris Alfarcito, de la escuela Nº 352, de Tilcara. Junto a ellos va descubriendo el porqué de ese tipo de expresión musical en ese contexto geográfico. 
100 1 |a Olivera, Luciano 
710 2 |a Canal Encuentro. 
700 1 |a Spasiuk, Chango; Conducción. 
082 7 8 |/ OLI 
653 |a MÚSICA 
653 |a MUSICA ARGENTINA 
653 |a FOLKLORE 
653 |a FOLKLORE ARGENTINO 
653 |a MUSICA POPULAR ARGENTINA 
653 |a MUSICA DE RAIZ FOLKLÓRICA 
653 |a JUJUY 
653 |a PUNA 
653 |a TILCARA 
653 |a SICURIS 
653 |a MUSICA DEL ALTIPLANO 
653 |a SERIE DE TELEVISIÓN 
856 |u https://www.educ.ar/recursos/50584/jujuy-musica-del-altiplano 
859 |a CEMS  |b BIB. CEMS - Depto. Recursos Didacticos  |h 780  |i OLI  |k DRD  |p 2696.16  |t Ej.1